| 000 | 00623nam a2200229Ia 4500 | ||
|---|---|---|---|
| 003 | OSt | ||
| 005 | 20230401124932.0 | ||
| 008 | 210423s2011 xx 000 0 und d | ||
| 020 | _a9789380156606 | ||
| 040 | _cAL | ||
| 041 | _aeng | ||
| 082 |
_a332 _223 _bGUPN |
||
| 100 |
_aGUPTA (N K);CHOPRA (Monika) _981961 |
||
| 245 | _aFinancial markets institutions and services | ||
| 260 |
_aNew Delhi _bAne Books _c2011 |
||
| 300 |
_axi,322 _bPB |
||
| 365 |
_b225 _cINR |
||
| 650 |
_aEconomics _981962 |
||
| 650 |
_aFinancial Economics _981963 |
||
| 906 | _aFinancial ; institutions ; markets ; services | ||
| 942 |
_2ddc _cBK |
||
| 999 |
_c156797 _d156797 |
||